Prime minister of India: (Record no. 181489)
[ view plain ]
| 000 -LEADER | |
|---|---|
| fixed length control field | 00589nam a22001937a 4500 |
| 005 - DATE AND TIME OF LATEST TRANSACTION | |
| control field | 20220113141202.0 |
| 010 ## - LCCN (DPL NO) | |
| LC control number | ENG-129928 |
| 020 ## - INTERNATIONAL STANDARD BOOK NUMBER | |
| International Standard Book Number | 978-93-86049-58-2 |
| Terms of availability | 795.00 |
| 035 ## - SYSTEM CONTROL NUMBER | |
| System control number | EN-113460 |
| 037 ## - SOURCE OF ACQUISITION | |
| Source of stock number/acquisition | DBAD/PUB |
| 082 ## - DEWEY DECIMAL CLASSIFICATION NUMBER | |
| Classification number | 954.0099 |
| 100 ## - MAIN ENTRY--PERSONAL NAME | |
| Personal name | Aggarwal Pankaj |
| 245 ## - TITLE STATEMENT | |
| Title | Prime minister of India: |
| Statement of responsibility, etc | Pankaj Aggrwal |
| 260 ## - PUBLICATION, DISTRIBUTION, ETC. (IMPRINT) | |
| Name of publisher, distributor, etc | Shivani book Agency |
| Place of publication, distribution, etc | India |
| Date of publication, distribution, etc | 2019 |
| 270 ## - ADDRESS | |
| City | Delhi |
| Postal code | 110093 |
| Address | A-55B,Gali no.6 Jagatpuri Extn. |
| Electronic mail address | shivanibookagency@gmail.com |
| 300 ## - PHYSICAL DESCRIPTION | |
| Extent | vi,218p. |
| Dimensions | 21cm(hbk) |
| 500 ## - GENERAL NOTE | |
| General note | includes index |
| 942 ## - ADDED ENTRY ELEMENTS (KOHA) | |
| Source of classification or shelving scheme | Dewey Decimal Classification |
| Item type | English Books |
| Classification part | 954.0099 |
| Call number suffix | AGG |
| Withdrawn status | Lost status | Not for loan | Collection code | Home library | Current library | Date acquired | Source of acquisition | Cost, normal purchase price | Full call number | Barcode | Copy number | Cost, replacement price | Koha item type |
|---|---|---|---|---|---|---|---|---|---|---|---|---|---|
| Non-fiction | Mobile Library | Mobile Library | 16/09/2021 | DBAD/PUB | 795.00 | 954.0099 AGG | EN-113460 | 181.45 | 795.00 | English Books |
